=LDR 00000nam 2200000 4500 =001 INLIS000000000019241 =005 20200323021545 =035 ##$$a 0010-061300000019241 =008 200323################g##########0#ind## =041 ##$$a Ind =082 ##$$a 2x1.5 =090 ##$$a 2x1.5, Har a =100 1#$$a Haryono, M. Yudhi =245 1#$$a Al-Quran kritis studi tematik dan metode baru, /$c M. Yudhine Haryono =260 ##$$a Jakarta :$b Intimedia,$c 2002 =300 ##$$a 216 hlm, ; $c 13 x 21 cm =650 #4$$a Al-Quran-Kritik =850 ##$$a NBPNMAT =020 ##$$a 979-2478-33-7 =084 ##$$a 2x1.5 HAR a =990 ##$$a 0001/BPAP-NTB/20142014 =990 ##$$a 0001/BPAP-NTB/20142014 =990 ##$$a 0001/BPAP-NTB/20142014 =990 ##$$a 0001/BPAP-NTB/20142014 =990 ##$$a 0001/BPAP-NTB/20142014 =990 ##$$a 0001/BPAP-NTB/20142014